Entry Nombre personal
001 - NÚMERO DE CONTROL
- campo de control: 60515
003 - IDENTIFICADOR DE NÚMERO DE CONTROL
- campo de control: SpMaBN
005 - FECHA Y HORA DE LA ÚLTIMA TRANSACCIÓN
- campo de control: 20231211171157.0
008 - ELEMENTOS DE DATO DE LONGITUD-FIJA
- campo de control de longitud fija: 901120nn aijnnaabn |n aaa
016 ## - NÚMERO DE CONTROL DE UNA AGENCIA BIBLIOGRÁFICA NACIONAL
- Número de control del registro: BNE19900084811
024 7# - IDENTIFICADOR DE OTROS ESTÁNDARES
- Número estándar o código: http://viaf.org/viaf/91627565/
- Fuente: viaf
024 7# - IDENTIFICADOR DE OTROS ESTÁNDARES
- Número estándar o código: https://isni.org/isni/0000000121434914
- Fuente: isni
024 7# - IDENTIFICADOR DE OTROS ESTÁNDARES
- Número estándar o código: http://www.wikidata.org/entity/Q11702233
- Fuente: wikidata
040 ## - FUENTE DE CATALOGACIÓN
- Centro catalogador/agencia de origen: SpMaBN
- Lengua de catalogación: spa
- Centro/agencia transcriptor: SpMaBN
- Normas de descripción: rdc
- Convención/Normas de encabezamiento de materia/tesauro: embne
046 ## - FECHAS CON CODIFICACIÓN ESPECIAL
- Fecha de nacimiento: 1935
- Fecha de la muerte: 2022
100 1# - ENCABEZAMIENTO-NOMBRE DE PERSONA
- Nombre de persona: Guerra Garrido, Raúl,
- Fechas asociadas al nombre: 1935-2022
370 ## - LUGAR ASOCIADO
- Lugar de nacimiento: España, Madrid (Comunidad Autónoma), Madrid
- Fuente del término: embne
372 ## - CAMPO DE ACTIVIDAD
- Fuente del término: embne
372 ## - CAMPO DE ACTIVIDAD
- Campo de actividad: Novelas
- Campo de actividad: Cuentos
- Campo de actividad: Ensayos
- Fuente del término: embne
373 ## - GRUPO ASOCIADO
- Grupo asociado: Ateneo de Madrid
- Fin de período: 2022
- Fuente de información: Raúl Guerra Garrido en el Ateneo de Madrid (2008)
374 ## - OCUPACIÓN
- Ocupación: Farmacéuticos
- Ocupación: Escritores
- Fuente de información: Wikidata
375 ## - GÉNERO/SEXO
- Género: Masculino
377 ## - IDIOMA ASOCIADO
- Término de lengua/lenguaje: Español
670 ## - FUENTE DE DATOS ENCONTRADOS
- Cita de la fuente: Viaje a una provincia interior, 1992
- Información encontrada: port. (Raúl Guerra Garrido) solapa (n. 1935, en Madrid)
670 ## - FUENTE DE DATOS ENCONTRADOS
- Cita de la fuente: Dulce objeto de amor, 1992
- Información encontrada: port. (Raúl Guerra Garrido)
670 ## - FUENTE DE DATOS ENCONTRADOS
- Cita de la fuente: Dic. de escritores, 1996
- Información encontrada: (Guerra Garrido, Raúl; n. Madrid, 4-4-1935; narrativa, ensayo)
670 ## - FUENTE DE DATOS ENCONTRADOS
- Cita de la fuente: WWW Wikipedia, 05-12-2022
- Información encontrada: (Raúl Guerra Garrido (Madrid, 4 de abril de 1935 - San Sebastián, 2 de diciembre de 2022) fue un escritor español. Cursó estudios de Farmacia, obteniendo también el doctorado. Novelas y ensayos)
- Identificador Uniforme de Recursos: https://es.wikipedia.org/wiki/Ra%C3%BAl_Guerra_Garrido
678 ## - DATOS BIOGRÁFICOS O HISTÓRICOS
- Datos biográficos o históricos: Socio del Ateneo de Madrid
- Ampliación de la nota: Fuente: Raúl Guerra Garrido en el Ateneo de Madrid (2008)
